=LDR 00000nam 2200000 4500 =001 INLIS000000000020302 =005 20130612115250 =008 ***********************************Ind** =035 ##$$0010-061300000020302 =041 ##$$a Ind =082 ##$$a F Rom K =090 ##$$a F Rom K, Cha s =100 ##$$a Chaidir, Muhammad =245 ##$$a Sambamparia dan lalampataha, Muhammad Chaidir =260 ##$$a 2006 $b Mataram =300 ##$$a 24 hlm, ilus, 21 cm =650 ##$$a Fiksi kanak-kanak =850 ##$$a NBPNMAT